000
00324nam a22001577a 4500
003
SGT
020
_a
9788131264492
082
_a
617.525
_b
W23P
100
_a
Patel, Manusukh B.
245
_a
Ward Procedures
250
_a
7th
260
_b
Elsevier
_c
2023
300
_a
418
650
_a
Oral Surgery
942
_2
ddc
_c
BK
999
_c
24702
_d
24702